000 00694nmc a2200265 a 4500
003 AR-BaBNM
005 20251128211607.0
008 154120s2000 ||||||||||||||000 | spa||
020 _a950-739-829-5
040 _cAR-BaBNM
100 1 _aStefano, Roberto D.
245 1 0 _aLa magia de Pablo y otros cuentos con poderes
260 _aBuenos Aires
_bErrepar
_c2000
300 _a61 p.
_bil.
490 0 _aLos chicos de la valija
_vv. 8
500 _aA partir de 7 años
650 4 _aLIBROS PARA NINOS
650 4 _aLITERATURA INFANTIL
650 4 _aMAGIA
650 4 _aCUENTOS
655 _aLITERATURA
700 1 _aMartín, Silvia
_eilustrador
942 _cBK
998 _cEugenia
999 _c20347
_d20347